| 000 | 00536nam a2200205Ia 4500 | ||
|---|---|---|---|
| 003 | OSt | ||
| 005 | 20230529112335.0 | ||
| 008 | 210423s2001 xx 000 0 und d | ||
| 040 | _cAL | ||
| 041 | _aeng | ||
| 082 |
_a307.1772 SENT _223 |
||
| 100 |
_aSENGUPTA (Sarthak) _9115737 |
||
| 245 | _aTribes of the eastern himalayas | ||
| 260 |
_aNew Delhi _bMittal Publications _c2001 |
||
| 365 |
_b450 _cINR |
||
| 650 |
_aCommunities _9115738 |
||
| 650 |
_aSociology _9115739 |
||
| 906 | _aeastern ; himalayas ; Tribes | ||
| 942 |
_2ddc _cBK |
||
| 999 |
_c173537 _d173537 |
||